000
00311nam a2200109 a 4500
005
20201002044933.0
008
140407s1971 000 spa d
100
_a
Fernández de Moratín, Leandro
_9
59822
245
3
_a
La comedia nueva o el café.
260
_a
Madrid -- Libra,
_c
1971 -- 174 p.
999
_c
43212
_d
43212
040
_a
DO-SdBNP